000 00614nam a2200181Ia 4500
008 151018s9999 xx 000 0 und d
082 _bRBASDV41047
_a150
100 _aशर्मा कुमार पाटील
245 _aगुस्से को जितीए
250 _b1
260 _bशिलालेख
_c2004
300 _a119
600 _aशर्मा कुमार पाटील
630 _aगुस्से को जितीए
700 _aशर्मा कुमार पाटील
730 _aगुस्से को जितीए
942 _cBOOK
999 _c1040321
_d1040318